Представление документа в формате RUSMARC

ПолеНазваниеЗначение
  Тип записи a
  Библиографический уровень a
001 Контрольный номер RU/CBS_UL/BASE/23d18f2647bf451ea9fc429d9b2dd746
005 Дата корректировки 20250220135511.9
100 Данные общей обработки __
a Данные общей обработки 20230627 ||| 0rusy0189 ca
101 Язык документа 0_
a Язык текста rus
102 Страна публикации __
a Страна публикации RU
200 Заглавие и сведения об ответственности 1_
a Заглавие "С нами бог!"
e Сведения, относящиеся к заглавию [о великом русском полководце А.В. Суворове, под предводительством которого русские воины не проиграли ни одного сражения]
300 Общие примечания __
a Общие примечания 6+
300 Общие примечания __
a Общие примечания Содерж.: А. В. Суворов (1730-1800) ; Взятие Измаила
461 Уровень набора _0
1 2000
a Шишкин лес
463 Уровень физической единицы _0
1 2000
a № 6
v С. 20-21 : ил.
1 2101
d 2023
1 001RU/CBS_UL/BASE/acb2037b4d5642c884fabe5949e04633
600 Персоналии _1
a Персоналии (Фамилия) Суворов
b Персоналии (Имя, инициалы) А. В.
606 Тематические рубрики 0_
a Основная рубрика Суворов, Александр Васильевич (1730-1800)
610 Ключевые слова 0_
a Ключевые слова деятели исторические
610 Ключевые слова 0_
a Ключевые слова деятели военные
610 Ключевые слова 0_
a Ключевые слова полководцы
610 Ключевые слова 0_
a Ключевые слова русские полководцы
610 Ключевые слова 0_
a Ключевые слова фельдмаршалы
610 Ключевые слова 0_
a Ключевые слова основоположники русской военной теории
610 Ключевые слова 0_
a Ключевые слова крепости
610 Ключевые слова 0_
a Ключевые слова Измаил (крепости)
610 Ключевые слова 0_
a Ключевые слова взятие Измаила
686 Индексы других классификаций __
2 Код системы rubbk
a Классификационный индекс 63.3(2)47
801 Источник записи _0
a Страна RU
b Организация МБУК ЦБС г. Ульяновска
c Дата составления 20230627
g Правила каталогизации RCR
801 Источник записи _1
a Страна RU
b Организация МБУК ЦБС г. Ульяновска
c Дата составления 20230627
g Правила каталогизации RCR
901 Тип документа __
t Тип документа b
w Контрольный № источника RU/CBS_UL/BASE/acb2037b4d5642c884fabe5949e04633